LEADER 01019nam a2200241 i 4500 001 000000221897 003 CaOOAMICUS 005 20130821000000.0 008 130821s1982 it u000 u ita u 013 $a200794 040 $aSeMil$bita 100 1 $aMasini, Ferruccio,$d<1928-1988>.$0(OLS)http://semarc/name/21252 245 13$aIl travaglio del disumano :$bper una fenomenologia del nichilismo /$cFerruccio Masini. 260 $aNapoli :$bBibliopolis,$c1982, stampa 1983. 300 $a289 p. ;$c22 cm. 490 0 $aSaggi Bibliopolis ;$v7 650 4$aNichilismo.$0(OLS)http://semarc/subject/2239 830 0$aSaggi Bibliopolis ;$v7.$0(OLS)http://semarc/title/10380 850 $aSeMil 852 $aSeMil$W1$xVenegono$y1$m2P VII 35$j172246$B172246$CSeMilBibl$Z2$F182952 $81 961 $aOmaggio: Conti don Ermenegildo 996 $6245$aIl travaglio del disumano :$bper una fenomenologia del nichilismo$9(OLS)http://semarc/title/318116 996 $6260$aNapoli :$bBibliopolis$9(OLS)http://semarc/publisher/30003 LEADER 01814nam a2200277 i 4500 001 000000029770 003 CaOOAMICUS 005 20220817124102.0 008 180830s1821 it u000 u ita u 040 $aSeMil$bita 100 0 $aTertullianus, Quintus Septimius Florens,$d.$0(OLS)http://semarc/name/1146 245 10$aOpere scelte di Tertulliano tradotte dalla signora Maria Selvaggia Borghini nobile pisana e corredate di note. Tomo 1. [-2.]. 260 $aMilano :$bPlacido Maria Visaj,$c1821. 300 $a2 v. ;$c12°. 490 1 $aAntologia morale, ascetica, oratoria : scelta dalle opere migliori dei padri della chiesa greci e latini ... 650 4$aTertulliano, Quinto Settimio Fiorente - Opere.$0(OLS)http://semarc/subject/4762 700 1 $aBorghini, Maria Selvaggia.$0(OLS)http://semarc/name/13587 700 1 $aVisaj, Placido Maria,$c.$0(OLS)http://semarc/name/13585 774 0 $tTomo 1.$dMilano : Placido Maria Visaj, 1821.$kAntologia morale, ascetica, oratoria : scelta dalle opere migliori dei padri della chiesa greci e latini ...$g1$w()229065 774 0 $tTomo 2.$dMilano : Placido Maria Visaj, 1821.$kAntologia morale, ascetica, oratoria : scelta dalle opere migliori dei padri della chiesa greci e latini ...$g2$w()229066 830 0$aAntologia morale, ascetica, oratoria : scelta dalle opere migliori dei padri della chiesa greci e latini ...$0(OLS)http://semarc/title/327724 900 0 $aTertulliano,$d. 996 $6245$aOpere scelte di Tertulliano tradotte dalla signora Maria Selvaggia Borghini nobile pisana e corredate di note. Tomo 1. [-2.]$9(OLS)http://semarc/title/40481 996 $6260$aMilano :$bPlacido Maria Visaj$9(OLS)http://semarc/publisher/31736